000 00297nam a22001337a 4500
008 170202b xxu||||| |||| 00| 0 eng d
020 _a0895776197
041 _aeng
080 _a61
100 _a3
101 _aSHM
245 _aGREAT HEALTH HINTS & HANDY TIPS
_cGUINNESS, A.E
942 _2udc
_cBK
999 _c4276
_d4276